Statistics for Largest national non-contiguous territories in the world

Click here to take the quiz!

General Stats

  • This quiz has been taken 159 times
  • The average score is 6 of 9

Answer Stats

TerritoryArea (km2)Country% Correct
Alaska1.717.854United States
100%
French Guiana83.534France
99%
Kaliningrad15.100Russia
98%
Dubrovnik-Neretva1.782Croatia
74%
Cabinda7.823Angola
53%
Nakhchivan5.500Azerbaijan
53%
Temburong1.166Brunei
27%
Musandam1.800Oman
27%
Oecussi-Ambeno815Timor Leste
20%

Score Distribution

Percentile by Number Answered

Percent of People with Each Score

Your Score History

You have not taken this quiz